[Event "USA-ch U20"]
[Site "Saint Louis"]
[Date "2016.07.10"]
[Round "3"]
[White "Liang, Awonder"]
[Black "Troff, Kayden W"]
[Result "1-0"]
[WhiteElo "2430"]
[BlackElo "2543"]
[Annotator "CB"]
[PlyCount "103"]
[EventDate "2016.07.08"]
[EventType "tourn"]
[EventRounds "9"]
[EventCountry "USA"]
[EventCategory "9"]
[SourceTitle "CBM 173 Extra"]
[Source "ChessBase"]
[SourceDate "2016.08.29"]
[SourceVersion "1"]
[SourceVersionDate "2016.08.29"]
[SourceQuality "1"]
[WhiteClock "0:08:11"]
[BlackClock "0:13:50"]

1. e4 c5 2. Nf3 d6 3. d4 cxd4 4. Nxd4 Nf6 5. Nc3 a6 {So far most Najdorf
players in the tournament faced anti-sicilian systems. Awonder Liang is an
avid Najdorf player himself, and did not shy away from the open sicilian with
White.} 6. Be2 e5 7. Nb3 Be7 8. Be3 Be6 9. Nd5 $5 Nxd5 (9... Nbd7 {Is the main
line, after} 10. Qd3 Bxd5 11. exd5 O-O 12. O-O {A complicated middlegame
ensues.}) 10. exd5 Bf5 11. Qd2 Nd7 12. O-O O-O 13. Na5 $1 {A good move, making
space for White to advance his Queenside majority and putting pressure on
Black's b-pawn.} Qc7 14. c4 Bg6 15. b4 Rfe8 {The main reason players prefer to
give up the Bishop on d5, is that black would like to play} (15... f5 {but
after} 16. f4 {When Black struggles to find a good place for the light-squared
Bishop.}) 16. Rac1 $14 {White is almost ready to play c5, whereas Black's
counterplay is slow.} b6 $6 {This stops c5 but the White Knight gains a strong
foothold on c6.} (16... Rad8 17. Rfd1 Nf6 {Was better, as White is able to
stop c5 by targeting the d5 pawn for now.}) 17. Nc6 Bf8 18. Bd3 $1 {White is
exchanging the Bishops and plans to set up an attack with f2-f4.} Nb8 19. Bxg6
hxg6 20. b5 $1 {Strenghtening the Knight's position.} Nd7 21. a4 a5 {Black has
managed to close off the Queenside, and hopes to gain space on the Kingside
when the c6 Knight will be less of a burden. Awonder is quick to act and opens
up a second front} 22. f4 $1 exf4 23. Rxf4 Be7 24. Qf2 $6 (24. h4 $1 {Would
have limited Black's options.} Bf6 25. Qf2 $14) 24... f5 (24... Bg5 $1 25. Rf3
Bxe3 26. Rxe3 Rxe3 27. Qxe3 Nf6 {Followed by Re8, would have been more
tenacious.}) 25. h4 $1 {Awonder correctly judges that Bg5 has to be stopped,
and introduces the idea of h5!? to expand his attack on the Kingside.} Bf6 26.
h5 $1 gxh5 (26... Bg5 27. hxg6 Bxf4 28. Bxf4 {Followed by Qh4, the Black King
is in serious trouble.}) 27. Rxf5 Re4 28. Rf1 $6 {White could have safely gone
for the pawn instead, after:} (28. Rxh5 Rae8 29. Rh3 $18 {Followed by Rf1})
28... Rae8 29. Bd4 h4 {Black keeps his pawn and things are far from clear} 30.
Kh1 Rg4 31. Rh5 g6 32. Rh6 (32. Bxf6 $5 {Was a promising exchange sacrifice,
after} Nxf6 (32... gxh5 $2 33. Bd8 $1 Rxd8 34. Qf7+ Kh8 35. Qxh5+ {Wins}) 33.
Re5 $1 {A beautiful intermezzo and probably missed by Awonder.} (33. Qxf6 gxh5
{And White has no clear cut way to strengthen the attack.}) 33... dxe5 34. Qxf6
Qg7 35. d6 {Black is in trouble as it is hard to defend against the d-pawn.})
32... Kg7 33. Qf3 Rxd4 34. Rxg6+ Kxg6 35. Qf5+ Kh6 36. Nxd4 Bxd4 37. Qf4+ Kg6
$4 {A blunder in time trouble by Kayden, who defended well from a worrisome
middlegame position. The King can not reach the safehaven on g8 now.} (37...
Kh7 38. Qf7+ $11 (38. Qxh4+ $2 Kg8 {And the bishop can shield the King on the
next move (Bg7)}) 38... Kh6 $1 {And White has nothing more than a perpetual,
after} 39. Qf4+ Kh7 40. Qf7+ $11) 38. Qg4+ Kh6 39. Qxh4+ Kg6 40. Qg4+ Kh6 41.
Qf4+ Kh7 42. Qf7+ Kh6 (42... Kh8 43. Qxe8+ $18) 43. Rf5 $1 {White is winning
as Black is unable to bring his Knight into the defence without losing the
Queen on c7.} Re1+ (43... Re5 44. Qh5+ {Leads to mate:} Kg7 45. Rf7+ Kg8 46.
Qh7#) 44. Kh2 Be5+ 45. g3 {Black has nothing but a few desperado checks left
as mate on h5 is unevitable.} Bxg3+ 46. Kg2 Re2+ 47. Kxg3 Re3+ 48. Kg2 Re2+ 49.
Kf1 Rh2 50. Qe6+ $1 Nf6 (50... Kg7 51. Rf7+ Kg8 52. Qe8+ Nf8 53. Qxf8#) 51.
Rxf6+ Kh5 52. Rf5+ {And Black resigned in view of} (52. Rf5+ Kh4 53. Qh6+ Kg4
54. Qg6+ Kh4 55. Rh5#) 1-0

[Event "Buenos Aires"]
[Site "Buenos Aires"]
[Date "1980.??.??"]
[Round "?"]
[White "Karpov, Anatoly"]
[Black "Kavalek, Lubomir"]
[Result "1/2-1/2"]
[WhiteElo "2725"]
[BlackElo "2600"]
[Annotator "Chekhov,V"]
[PlyCount "49"]
[EventDate "1980.10.15"]
[EventType "tourn"]
[EventRounds "13"]
[EventCountry "ARG"]
[EventCategory "13"]
[SourceTitle "MCL"]
[Source "ChessBase"]
[SourceDate "1999.07.01"]
[SourceVersion "1"]
[SourceVersionDate "1999.07.01"]
[SourceQuality "1"]

1. e4 c5 2. Nf3 d6 3. d4 cxd4 4. Nxd4 Nf6 5. Nc3 a6 6. Be2 Nbd7 (6... e5 $5) (
6... e6 $5) 7. O-O (7. Be3 $5 Nc5 8. f3 e6 9. Qd2 b5 10. a3 Bb7 11. O-O-O Be7
12. g4 Nfd7 13. h4 Ne5 14. g5 Rb8 {Cseshkovsky,V-Liberzon,V/URS/1969/}) 7...
Nc5 8. Bf3 e6 9. Be3 Be7 10. a4 O-O 11. a5 Qc7 12. Re1 Re8 13. h3 Rb8 (13...
Bf8 $5) 14. Nb3 $6 (14. g3 $5 {P g2,f4/}) (14. g4 $5) 14... Nfd7 (14... Nxb3
15. Bb6 $1 Qd7 (15... Qc6 16. e5 d5 17. exf6 Nxa1 18. fxe7) 16. cxb3 $16) 15.
Nxc5 dxc5 $15 (15... Nxc5 16. Qd2 Bd7 $140 17. b4) 16. Be2 (16. Na4 $6 Ne5 17.
Nb6 Rd8 18. Qe2 Bd7 19. Rad1 Bc6) 16... Ne5 17. Qc1 Bd7 (17... Nc6 18. Bf4 Bd6
19. Bxd6 Qxd6 20. Qe3 Nd4 21. Red1 {P d2, f1, e2=/}) 18. Na4 Rbd8 (18... Bc6
19. Bf1 Bxe4 $140 20. Bf4) 19. Nb6 Bc6 20. Bf1 Nd7 (20... Bxe4 $2 21. Bf4) 21.
Nxd7 Rxd7 22. Bd3 Qe5 (22... Red8 $1) 23. Bf4 (23. f4 Qh5 24. e5 f6 $1 $36)
23... Qd4 24. Be3 Qf6 25. Bf4 (25. Bf4 Qg6 $5 (25... e5) 26. f3 Bb5 27. Bxb5
axb5) 1/2-1/2

[Event "Buenos Aires"]
[Site "Buenos Aires"]
[Date "1980.??.??"]
[Round "?"]
[White "Ljubojevic, Ljubomir"]
[Black "Quinteros, Miguel Angel"]
[Result "1/2-1/2"]
[WhiteElo "2590"]
[BlackElo "2515"]
[Annotator "Chekhov,V"]
[PlyCount "35"]
[EventDate "1980.10.15"]
[EventType "tourn"]
[EventRounds "13"]
[EventCountry "ARG"]
[EventCategory "13"]
[SourceTitle "MCL"]
[Source "ChessBase"]
[SourceDate "1999.07.01"]
[SourceVersion "1"]
[SourceVersionDate "1999.07.01"]
[SourceQuality "1"]

1. e4 c5 2. Nf3 d6 3. d4 cxd4 4. Nxd4 Nf6 5. Nc3 a6 6. Be2 e5 7. Nb3 Be7 8. O-O
O-O 9. a4 (9. Be3 Be6 10. a4 Nbd7 11. a5 Rc8 12. f3 Qc7 $13) 9... Nc6 10. f4 (
10. Be3 $5) 10... Nb4 11. Nd2 $6 (11. Kh1 Bd7 12. Be3 Rc8 13. a5 Bc6 $10 {
Van der Sterren,P-Kavalek,L/Wijk aan Zee/1978/}) 11... exf4 12. Rxf4 Be6 13.
Kh1 d5 14. exd5 (14. e5 Nd7 15. Nf3 Qb8) 14... Nfxd5 15. Nxd5 Nxd5 16. Rf3 $8
Bg4 $6 (16... Qc7 $5 {<<ad8|^/}) 17. Rb3 (17. Rd3 Bxe2 18. Qxe2 Nf4 19. Rxd8
Nxe2 20. Rxa8 (20. Rd7 Bg5 $1) 20... Rxa8) 17... Bxe2 18. Qxe2 (18. Qxe2 Qc7 $5
$15) (18. Qxe2 Re8 $5) 1/2-1/2

[Event "Match/Nation DDR-HUN (4-4) (5-3)"]
[Site "Zinnowitz"]
[Date "1980.10.14"]
[Round "1.2"]
[White "Vogt, Lothar"]
[Black "Groszpeter, Attila"]
[Result "1-0"]
[WhiteElo "2510"]
[BlackElo "2480"]
[Annotator "ChessBase"]
[PlyCount "55"]
[EventDate "1980.10.14"]
[EventType "team-match"]
[EventRounds "2"]
[EventCountry "DDR"]
[SourceTitle "MCL"]
[Source "ChessBase"]
[SourceDate "1999.07.01"]
[SourceVersion "1"]
[SourceVersionDate "1999.07.01"]
[SourceQuality "1"]

1. e4 c5 2. Nf3 d6 3. d4 cxd4 4. Nxd4 Nf6 5. Nc3 a6 6. Be2 e5 7. Nb3 Be7 8. O-O
O-O 9. Kh1 Be6 10. f4 Qc7 11. f5 Bc4 12. a4 Nbd7 13. a5 Rfc8 14. Bxc4 Qxc4 15.
Qf3 $5 (15. Ra4) 15... d5 $5 16. exd5 Bb4 $6 (16... e4 17. Qd1 Bb4 18. Nd2 Qc7
19. Ndxe4 Nxe4 20. Nxe4 Qxc2 $44) 17. Nd2 $1 Qc7 (17... Qd4 18. Nde4 Nxe4 19.
Nxe4 Qxd5 20. Rd1 Qc6 $14) 18. Nde4 Nxe4 19. Nxe4 Qxc2 20. f6 $40 g6 21. Be3
Rc4 22. Ng5 $16 h5 23. d6 $1 e4 24. Qf4 Nf8 $22 25. Rad1 Qe2 26. Nxf7 $1 $18
Ne6 (26... Kxf7 27. Qh6 Bxd6 28. Qg7+ Ke6 (28... Ke8 29. Rxd6 Qxf1+ 30. Bg1 $18
) 29. Qg8+ Kd7 30. Qf7+ Kc8 (30... Kc6 31. Qd5+ Kc7 32. Qxd6+ Kc8 33. Qd8#) 31.
Qe8+ Kc7 32. Bb6#) 27. Qh6 Rc2 (27... Kxf7 28. Qh7+ Ke8 29. f7+) 28. Qxg6+ 1-0

[Event "Zonal playoff"]
[Site "Leiden"]
[Date "1982.05.09"]
[Round "1"]
[White "Mestel, A Jonathan"]
[Black "Nunn, John DM"]
[Result "1-0"]
[WhiteElo "2500"]
[BlackElo "2590"]
[Annotator "ChessBase"]
[PlyCount "73"]
[EventDate "1982.05.09"]
[EventType "tourn"]
[EventRounds "6"]
[EventCountry "NED"]
[EventCategory "11"]
[SourceTitle "EXT 2002"]
[Source "ChessBase"]
[SourceDate "2001.11.25"]
[SourceVersion "1"]
[SourceVersionDate "2001.11.25"]
[SourceQuality "1"]

1. e4 {1) Nunn,John in BCM 1982, p.274-276: Zonal play-off in Leiden.} c5 2.
Nf3 d6 3. d4 Nf6 4. Nc3 cxd4 5. Nxd4 a6 6. Be2 e5 7. Nb3 Be7 8. a4 O-O 9. O-O
Be6 10. f4 exf4 11. Bxf4 Nc6 12. Kh1 d5 13. e5 Nd7 14. Nxd5 Ndxe5 15. Nxe7+
Qxe7 16. Qe1 Rfe8 17. Qg3 Qb4 18. Bh6 Ng6 19. Bd2 Qe4 20. Bd3 Qe5 21. Qf2 Qxb2
22. Rab1 {[#]} Qf6 $2 (22... Qa2 23. Ra1 Qb2 24. Rab1 $11 (24. Nc5 Nge5 $11))
23. Qxf6 gxf6 24. Nc5 $16 Nce5 25. Ne4 Red8 26. Nxf6+ Kg7 27. Nh5+ Kg8 28. Ba5
Rdc8 29. Rxb7 Nxd3 30. cxd3 Rc2 31. h3 Rac8 32. Bb6 Rd2 33. d4 Kh8 34. Nf6 Bc4
35. Rc1 Nh4 36. Bc7 Ba2 37. Ne4 {/\Bc7-e5+} 1-0

[Event "Reykjavik International-09"]
[Site "Reykjavik"]
[Date "1980.02.29"]
[Round "6"]
[White "Arnason, Jon Loftur"]
[Black "Byrne, Robert Eugene"]
[Result "0-1"]
[WhiteElo "2435"]
[BlackElo "2530"]
[Annotator "ChessBase"]
[PlyCount "108"]
[EventDate "1980.02.23"]
[EventType "tourn"]
[EventRounds "13"]
[EventCountry "ISL"]
[EventCategory "10"]
[SourceTitle "EXT 1999"]
[Source "ChessBase"]
[SourceDate "1998.11.16"]
[SourceVersion "1"]
[SourceVersionDate "1998.11.16"]
[SourceQuality "1"]

1. e4 c5 2. Nf3 d6 3. d4 cxd4 4. Nxd4 Nf6 5. Nc3 a6 6. Be2 e5 7. Nb3 Be7 8. O-O
O-O 9. Bg5 Be6 10. f4 exf4 11. Bxf4 Nc6 12. Kh1 d5 13. e5 Nd7 14. Nxd5 Ndxe5
15. c4 a5 16. Rc1 f6 17. a3 a4 18. Nxe7+ Qxe7 19. Nd4 Rfd8 20. Nxc6 bxc6 21.
Qc2 Bf7 22. Rfd1 Bg6 23. Rxd8+ Qxd8 24. Qc3 Nd3 25. Bxd3 Qxd3 26. Qxd3 Bxd3 27.
Rc3 Rd8 28. Kg1 g5 29. Be3 Be2 30. Kf2 Bd1 31. Bc5 Bb3 32. Re3 Bxc4 33. Bb4 Kf7
34. Bc3 Rd5 35. Rf3 f5 36. Re3 f4 37. Re5 Rd1 38. Re1 Rd3 39. Re4 Bb5 40. Re5
Rd1 41. Re1 Rd6 42. Re5 Kg6 43. Re7 h6 44. Re4 h5 45. Bb4 Rd3 46. Bc3 h4 47. h3
Rd5 48. Re5 Kf7 49. Re4 Rd3 50. Re5 Rg3 51. Kg1 Kg6 52. Re4 f3 53. Rg4 Rxg4 54.
hxg4 Be2 {[#] white resigns in a drawish position!!} (54... Be2 55. gxf3 Bxf3
56. Kf2 Bxg4 57. Ba5 $1 Kh5 58. Ke3 Bd1 (58... Be6 59. Bd8 Kg4 60. Kf2 Bd5 61.
Be7 c5 62. Bf6 c4 63. Be7) 59. Bd8 g4 60. Kf4 g3 61. Bc7 $1 $11) 0-1

[Event "New York op"]
[Site "New York"]
[Date "1998.03.19"]
[Round "6"]
[White "Smirin, Ilia"]
[Black "Georgiev, Kiril"]
[Result "0-1"]
[WhiteElo "2590"]
[BlackElo "2675"]
[Annotator "ChessBase"]
[PlyCount "52"]
[EventDate "1998.03.16"]
[EventType "swiss"]
[EventRounds "9"]
[EventCountry "USA"]
[SourceTitle "CBM 064"]
[Source "ChessBase"]
[SourceDate "1998.06.02"]
[SourceVersion "1"]
[SourceVersionDate "1998.06.02"]
[SourceQuality "1"]

1. e4 c5 2. Nf3 d6 3. d4 cxd4 4. Nxd4 Nf6 5. Nc3 a6 6. Be2 g6 7. g4 h6 8. h4 e5
(8... b5 9. Bf3 e5 10. Nb3 Be6 {Romero: Black seems to be okay, because the
white structure is overextended and white's king ( also black's ) still has
not a sure place. The next move is very surprising. Anand would like to close
the queenside and castle there. A deep idea.} 11. a4 $1 b4 {Romero: Possibly
it was better to keep the dynamism of the position playing the always sharp 11.
..bxa4.} 12. Nd5 Bxd5 13. exd5 {1-0 Anand,V-Short,N/Amsterdam VSB 1996/CBM 52 
[Anand] (44) White has the two bishops and a nice position to boot!}) (8... Bg7
{Anand: Seems more reasonable to me.}) 9. Nb3 Be6 10. f4 exf4 11. Nd4 Qb6 (
11... Qa5 12. Nxe6 fxe6 13. Bxf4 Nc6 14. Qd2 Ne5 15. O-O-O O-O-O 16. g5 hxg5
17. hxg5 Rxh1 18. Rxh1 Nfd7 {Tseshkovsky,V-Georgiev,K/JUG-chT 1997/EXP 59/0-1 
(88)}) 12. Nxe6 fxe6 13. Bc4 e5 14. Nd5 Nxd5 15. Qxd5 {Weiß verspricht sich
von seinem "Angriff" zuviel.} Nc6 $1 16. Qf7+ Kd8 17. c3 Be7 18. Qxg6 Kc7 {
Weiß hat keine Spur von Angriff. Im Gegeteil: Seine Dame hat sich verlaufen.}
19. Kf1 Raf8 20. b4 Kb8 21. Qe6 d5 $1 22. Bb3 (22. exd5 Rf6 23. Qd7 Rd8 $19) (
22. Qxd5 Rd8 23. Qe6 Rd1+ 24. Kg2 f3+ $19) (22. Bxd5 Rf6 23. Qd7 Rd8 $19) (22.
Bd3 $5 dxe4 23. Bxe4 Rf6 24. Qb3 Rd8 $17) 22... dxe4 23. a4 e3 24. b5 axb5 (
24... f3 $5 25. bxc6 e2+ 26. Ke1 Bxh4+ 27. Kd2 (27. Rxh4 Qg1+ 28. Kd2 e1=Q+ 29.
Kc2 Qgf2+ 30. Kb1 Qe4+ 31. Bc2 Qexc2#) 27... e1=Q+ 28. Rxe1 Bxe1+ 29. Kxe1 $2
Qg1+ 30. Kd2 Qg2+ 31. Kd3 Qe2#) 25. axb5 Qxb5+ 26. Bc4 Rf6 (26... Rf6 27. Bxb5
Rxe6 28. Ke2 Rd8 $19) 0-1

[Event "Montreal International"]
[Site "Montreal"]
[Date "1979.04.19"]
[Round "7"]
[White "Hort, Vlastimil"]
[Black "Ljubojevic, Ljubomir"]
[Result "0-1"]
[WhiteElo "2600"]
[BlackElo "2590"]
[Annotator "ChessBase"]
[PlyCount "91"]
[EventDate "1979.04.11"]
[EventType "tourn"]
[EventRounds "18"]
[EventCountry "CAN"]
[EventCategory "15"]
[SourceTitle "MCL"]
[Source "ChessBase"]
[SourceDate "1999.07.01"]
[SourceVersion "1"]
[SourceVersionDate "1999.07.01"]
[SourceQuality "1"]

1. e4 c5 2. Nf3 d6 3. d4 Nf6 4. Nc3 cxd4 5. Nxd4 a6 6. Be2 e5 7. Nb3 Be7 8. a4
Be6 9. O-O O-O 10. f4 exf4 (10... Qc7 11. f5 Bc4 12. a5 $14 {Tal,M-Fischer,R
Curacao 1962}) 11. Bxf4 Nc6 12. Kh1 Rc8 (12... d5 13. e5 Ne4 14. Nxe4 dxe4 15.
Nd2 Bf5 16. c3 {17. Nc4 od. 17. Bc4 +/-}) 13. Bf3 Ne5 14. Nd5 Bxd5 15. exd5
Nfd7 16. c3 Bg5 {>= Bg3} 17. Bg4 Bxf4 18. Rxf4 Rc4 19. Rxc4 Nxc4 20. Qd4 Nde5
21. Be2 Qc7 22. a5 Rc8 (22... Nxb2 23. c4 Nbxc4 24. Rc1) 23. Nd2 Nxd2 24. Qxd2
Re8 25. h3 (25. c4 $2 Nxc4 26. Qc2 Qe7 $1) 25... g6 26. Qd4 Nd7 27. Bf3 Qc5 28.
Qxc5 Nxc5 29. b4 Nd3 30. c4 $2 (30. Kg1 $142 Rc8 31. Ra3 Ne5 32. Kf2 Nc4 33.
Ra2 Ne5 34. Ra3) 30... Nxb4 31. Rb1 Nd3 32. Rxb7 Nc5 33. Rc7 h5 34. Kg1 Kf8 35.
Kf2 Rb8 36. Rc6 Ke7 37. Rc7+ Kf6 38. Ke3 Rb3+ 39. Kd2 Rb7 40. Rc8 Ke5 41. Kc3
Rb3+ 42. Kc2 Kd4 43. Rc6 Rc3+ 44. Kd2 (44. Kb1 Nd3 (44... Ke5 $142 45. Rc7 Kf6
46. Rc6 Ke7 47. Rc7+ Ke8 48. Rc6 Kd7) 45. Rb6 $1 (45. Rxa6 Rc1+ 46. Ka2 Kc3 47.
Rb6 Nb4+ 48. Rxb4) 45... h4 46. Ka2 $1 Rc2+ 47. Kb3 $1 Rb2+ 48. Ka3) 44... Ra3
45. Kc2 Ra2+ 46. Kb1 0-1

[Event "Amsterdam Euwe Memorial"]
[Site "Amsterdam"]
[Date "1996.04.01"]
[Round "9"]
[White "Anand, Viswanathan"]
[Black "Lautier, Joel"]
[Result "1/2-1/2"]
[WhiteElo "2725"]
[BlackElo "2630"]
[Annotator "ChessBase"]
[PlyCount "58"]
[EventDate "1996.03.22"]
[EventType "tourn"]
[EventRounds "9"]
[EventCountry "NED"]
[EventCategory "18"]
[SourceTitle "CBM 052"]
[Source "ChessBase"]
[SourceDate "1996.06.01"]
[SourceVersion "1"]
[SourceVersionDate "1996.06.01"]
[SourceQuality "1"]

1. e4 c5 2. Nf3 d6 3. d4 cxd4 4. Nxd4 Nf6 5. Nc3 a6 6. Be2 e5 7. Nb3 Be7 8. O-O
Be6 9. f4 Qc7 10. Kh1 Nbd7 11. a4 O-O 12. g4 $146 (12. f5 Bc4 $13) 12... Bxb3
$1 13. cxb3 Nc5 14. Bf3 exf4 15. Bxf4 h6 16. Be3 Qa5 $10 17. Bxc5 Qxc5 18. Rc1
Qe5 19. Be2 Nxe4 20. Nxe4 Qxe4+ 21. Bf3 Qe5 22. Bxb7 Ra7 23. Bd5 Bf6 24. Rc2 a5
25. Re2 Qd4 26. Qxd4 Bxd4 27. h4 Rc7 28. h5 Bf6 29. Bc4 Rcc8 1/2-1/2

[Event "Geneve op"]
[Site "Geneve"]
[Date "1997.??.??"]
[Round "4"]
[White "Renet, Olivier"]
[Black "Wojtkiewicz, Aleksander"]
[Result "0-1"]
[WhiteElo "2505"]
[BlackElo "2565"]
[Annotator "Dautov,R"]
[PlyCount "56"]
[EventDate "1997.01.??"]
[EventType "swiss"]
[EventRounds "9"]
[EventCountry "SUI"]
[SourceTitle "CBM 057"]
[Source "ChessBase"]
[SourceDate "1997.04.01"]
[SourceVersion "1"]
[SourceVersionDate "1997.04.01"]
[SourceQuality "1"]

1. e4 c5 2. Nf3 d6 3. d4 cxd4 4. Nxd4 Nf6 5. Nc3 a6 6. Be2 g6 7. g4 $6 Bg7 8.
g5 Nfd7 9. Be3 b5 10. Qd2 Bb7 11. O-O-O (11. h4 Nb6 12. a3 N8d7 13. h5 Rg8 14.
hxg6 $13 {1/2-1/2 Svidler,P-Xu Jun/Yerevan olm 1996}) 11... Nb6 12. Nb3 $2 {
Genauer wäre wohl 12.a3.} (12. a3 $142) 12... Nc6 13. Nd5 $2 (13. h4 Na4 (13...
Rc8 $5) 14. Nxa4 bxa4 15. Nd4 a3 16. b3 O-O $13) 13... Na4 $1 $15 14. Nd4 {
Eingeständnis des Fehlers im 12. Zug. Schwarz steht bereits besser.} (14. c3 b4
$1 15. Nd4 bxc3 16. bxc3 $17) 14... Rc8 15. Kb1 (15. f4 e6 16. Nf6+ Bxf6 17.
gxf6 Qxf6 $17) 15... Ne5 {/\e6,><e4} 16. f3 O-O $17 17. h4 $2 {Zu spät. Der
schwarze Angriff entwickelt sich nun von allein.} (17. Ka1 $142 $17 {/\} Bxd5
18. exd5 Nc4 19. Bxc4 bxc4 20. c3) 17... Bxd5 $1 18. exd5 Nc4 19. Bxc4 bxc4 $19
{><b2} 20. Nc6 (20. c3 Rb8 $19) 20... Rxc6 $1 21. dxc6 Qb8 22. c3 (22. Bd4 c3
23. Qc1 Nxb2 24. Ka1 Nxd1 25. Rxd1 Rc8 $19) 22... Nxc3+ 23. Ka1 Nxd1 24. Rxd1
Qb5 25. Bd4 Bxd4 26. Qxd4 Qxc6 27. Qc3 Qc7 28. f4 Rb8 {, und Schwarz gewann
nach 41 Zügen.} 0-1

[Event "URS-ch53 First League"]
[Site "Kharkov"]
[Date "1985.10.??"]
[Round "?"]
[White "Dvoirys, Semen I"]
[Black "Novikov, Igor A"]
[Result "1-0"]
[WhiteElo "2445"]
[BlackElo "2460"]
[Annotator "Dolmatov,S"]
[PlyCount "91"]
[EventDate "1985.10.??"]
[EventType "tourn"]
[EventRounds "17"]
[EventCountry "URS"]
[EventCategory "9"]
[SourceTitle "MCL"]
[Source "ChessBase"]
[SourceDate "1999.07.01"]
[SourceVersion "1"]
[SourceVersionDate "1999.07.01"]
[SourceQuality "1"]

1. e4 c5 2. Nf3 d6 3. d4 cxd4 4. Nxd4 Nf6 5. Nc3 a6 6. Be2 e5 7. Nb3 Be7 8. O-O
O-O 9. Qd3 Be6 (9... Nbd7 $5 10. a4 b6 11. Qg3 Kh8 12. Be3 Bb7 13. Nd2 Qc7 14.
Rad1 Nc5 15. f3 d5 $10 {Thipsay,P-Howell,J/London/1985/}) 10. f4 Nc6 $6 (10...
exf4 $5 11. Bxf4 Nc6 12. Rad1 Ne5 13. Qg3 $14) 11. f5 Bd7 12. Bf3 Nb4 (12... d5
$5 13. Nxd5 (13. exd5 $2 Nb4 14. Qe2 Bxf5) 13... Nxd5 14. Qxd5 (14. exd5 Nb4
15. Qe4 Qc8 $1 $44) 14... Nb4 $5 (14... Qb6+ 15. Kh1 Rfd8 16. Qc4 Nb4 17. Qe2
$16) 15. Qd2 Bb5 16. Qxd8 Rfxd8 17. Rf2 Rac8 $44) 13. Qe2 d5 14. a3 (14. exd5
$2 Bxf5) 14... dxe4 15. Nxe4 Nc6 16. Be3 Nd4 (16... Nd5 17. Rad1 Nxe3 18. Qxe3
$16) 17. Nxd4 exd4 18. Bxd4 Nxe4 $6 (18... Bxf5 19. c3 Nxe4 20. Bxe4 Bxe4 21.
Qxe4 $14) 19. Qxe4 Bxf5 20. Qe3 $16 Re8 21. Qf2 Rb8 22. Rad1 Bh4 23. g3 Bg5 24.
Bxb7 g6 25. Bxa6 Qxd4 26. Rxd4 Be3 27. b4 Bxc2 28. Re1 Bxf2+ 29. Kxf2 Rxe1 30.
Kxe1 Ba4 31. Be2 Kg7 (31... Ra8 32. b5 Bc2 33. Kd2 $18) 32. Bd1 (32. b5 $2 Bxb5
33. Rb4 Ra8 34. Rxb5 Rxa3 $14) 32... Be8 33. a4 Kf6 34. Kd2 Ke5 35. Ke3 Bc6 36.
a5 f5 37. Be2 g5 38. b5 Be4 39. Rb4 Rc8 40. b6 f4+ 41. gxf4+ gxf4+ 42. Kf2 f3
43. Rxe4+ $1 Kxe4 44. Bxf3+ Ke5 45. b7 Rc2+ 46. Kg3 1-0

[Event "RUS-chT 03rd"]
[Site "Kazan"]
[Date "1995.??.??"]
[Round "5"]
[White "Dolmatov, Sergey"]
[Black "Vaulin, Alexander"]
[Result "1/2-1/2"]
[WhiteElo "2615"]
[BlackElo "2490"]
[Annotator "Dolmatov,S"]
[PlyCount "56"]
[EventDate "1995.??.??"]
[EventType "team-tourn"]
[EventRounds "9"]
[EventCountry "RUS"]
[SourceTitle "CBM 051"]
[Source "ChessBase"]
[SourceDate "1996.04.01"]
[SourceVersion "1"]
[SourceVersionDate "1996.04.01"]
[SourceQuality "1"]
[WhiteTeam "Azov Ladya"]
[BlackTeam "Ekaterinburg Agat"]
[WhiteTeamCountry "RUS"]
[BlackTeamCountry "RUS"]

1. e4 c5 2. Nf3 d6 3. d4 cxd4 4. Nxd4 Nf6 5. Nc3 a6 6. Be2 e5 7. Nb3 Be7 8. O-O
O-O 9. Kh1 Be6 (9... b5 10. a4 Bb7 11. Nd5 Nbd7 12. Nxe7+ Qxe7 13. f3 bxa4 14.
Na5 Nc5 15. Nxb7 $14 {Khalifman,A-Loginov,V/St-Peterburg/1995/1:0/41/}) 10. f4
exf4 (10... Qc7 $5 11. Nd5 Bxd5 12. exd5) 11. Bxf4 (11. Nd4 $6 g5 $132) 11...
Nc6 12. Qe1 Ne8 (12... Nd7 13. Rd1 Nde5 14. Nd5 $14) (12... b5 13. a3 $14) 13.
Rd1 Bh4 (13... Bf6 14. Nc5 $14) 14. Bg3 (14. Qd2 Bf6) 14... Bf6 (14... Bxg3 15.
Qxg3 Qe7 16. Nd4 Nxd4 17. Rxd4 $16) 15. Nc5 Qe7 16. Nxe6 fxe6 17. Bc4 Be5 18.
Rxf8+ Kxf8 19. Ne2 Nf6 20. Nf4 Nd8 21. c3 $16 Rc8 22. Bb3 g6 23. Qe3 Kg7 24. h3
$2 (24. Bh4 $5 h6 25. Nd3 Nf7 26. Nxe5 Nxe5 27. h3 $16) 24... h6 25. Bf2 Nd7
26. Nd3 Bf6 27. Bg3 $10 Nf7 28. Qa7 Nc5 1/2-1/2